Municipio y diversidad : estrategias, politícas y servicios municipales para la integración de personas inmigrantes no comunitaries estrategias, politícas y servicios municipales para la integración de personas inmigrantes no comunitaries
Publicado:
Barcelona :
CRID, Consorci de Recursos i Documentació per a l'Autonomia Personal : Diputació Barcelona, Xarxa de Municipis ,
2001
Descripción Física:
190 pàgines : quadres, taules ; 30 cm
Colección:
Reflexión y debate
; 1
Materias:
Integració social -- Catalunya. -- Catalunya
; Immigrants -- Catalunya
; Catalunya -- Emigració i immigració
Idioma:
Español , Catalán
MARC
| LEADER | 00000nam a2200000 a 4500 | ||
|---|---|---|---|
| 001 | 26298 | ||
| 005 | 20260324181130.0 | ||
| 008 | 011029s2001 spcd || 000 ||spa | ||
| 017 | |a DL B. 29988-2001 |b Biblioteca de Catalunya | ||
| 041 | 1 | |a spa |h cat | |
| 043 | |a e-sp--- |b e-spc-- |2 catmarc | ||
| 080 | |a Bib-826 | ||
| 090 | |a JV8259.C28 |b M86 2001 | ||
| 245 | 0 | 0 | |a Municipio y diversidad : |b estrategias, politícas y servicios municipales para la integración de personas inmigrantes no comunitaries |
| 260 | |a Barcelona : |b CRID, Consorci de Recursos i Documentació per a l'Autonomia Personal : |b Diputació Barcelona, Xarxa de Municipis, |c DL 2001 | ||
| 300 | |a 190 pàgines : |b quadres, taules ; |c 30 cm | ||
| 490 | 1 | |a Reflexión y debate ; |v 1 | |
| 504 | |a Bibliografia p. 185-190 | ||
| 650 | 0 | |a Integració social |z Catalunya. |2 Arxiu |x Catalunya | |
| 650 | 0 | |a Immigrants |z Catalunya |2 lemac |9 35556 | |
| 651 | 0 | |a Catalunya |x Emigració i immigració |9 53951 | |
| 710 | 2 | |a Consorci de Recursos i Documentació per a l'Autonomia Personal |9 53949 | |
| 710 | 1 | |a Barcelona (Catalunya : Província). |b Diputació |9 52408 | |
| 830 | |a Reflexión y debate |v 1 |9 53952 | ||
| 908 | |a BC |a UAB |a UB |a UJI |a GCCult | ||
| 940 | |a BC | ||
| 942 | |2 udc |c ARXIU |n 1 | ||
| 952 | |0 0 |1 0 |4 0 |6 BIB826 |7 1 |9 62834 |a Arxiu |b Arxiu |d 2022-07-20 |l 0 |o Bib-826 |p 26298 |r 2022-07-20 00:00:00 |w 2022-07-20 |y ARXIU | ||
| 999 | |c 82309 |d 82309 | ||